Documentos del Episcopado Argentino: 1989
שמור ב:
| פורמט: | ספר |
|---|---|
| שפה: | ספרדית |
| יצא לאור: |
Buenos Aires
Conferencia Episcopal Argentina
1991
|
| סדרה: | Colección Documentos del Episcopado Argentino, 16
|
| נושאים: | |
| תגים: |
הוספת תג
אין תגיות, היה/י הראשונ/ה לתייג את הרשומה!
|
MARC
| LEADER | 00000nam a2200000 a 4500 | ||
|---|---|---|---|
| 001 | UCM5711 | ||
| 003 | CL-VaPUC | ||
| 008 | 021018e19910000AG |||||||||||||||||spa|d | ||
| 082 | 0 | 4 | |a 262.12282 |b DOC |2 21 |
| 245 | 1 | 0 | |a Documentos del Episcopado Argentino: 1989 |
| 300 | |a 170 p | ||
| 942 | |c BK | ||
| 945 | |d 20021018 00:00:00 |a vberengu | ||
| 260 | |a Buenos Aires |b Conferencia Episcopal Argentina |c 1991 | ||
| 600 | 0 | |a Iglesia católica |9 255129 | |
| 650 | 7 | |a EPISCOPADO ARGENTINO |2 CL-VaPUC |9 471802 | |
| 650 | 0 | |a Problemas sociales |9 258537 | |
| 583 | |a last modification |c 20021018 00:00:00 |k Rodrigo Vera | ||
| 490 | 0 | |a Colección Documentos del Episcopado Argentino, 16 | |
| 999 | |c 301571 |d 301569 | ||
| 952 | |0 0 |1 0 |4 0 |6 262_122820000000000_DOC_1991 |7 0 |8 DER_HDC |9 360716 |a BIBDER |b BIBDER |d 2019-11-21 |i 3847322 |o 262.12282 DOC 1991 |p 3847322 |r 2023-01-25 |w 2019-11-21 |x Ubicación 4to Piso |y BK |z Estos recursos deben solicitarse con anticipación |k DER | ||